书目信息 |
| 题名: |
经济学原理
|
|
| 作者: | 英马歇尔 ;陈良璧 | |
| 分册: | 下册 | |
| 出版信息: | 北京 商务印书馆 23775 |
|
| 页数: | 497页 | |
| 开本: | 20cm | |
| 丛书名: | ||
| 单 册: | ||
| 中图分类: | F | |
| 科图分类: | ||
| 主题词: | 经济 | |
| 电子资源: | ||
| ISBN: | 7-100-01158-2 | |
| 000 | 00557nam0 2200193 450 | |
| 001 | 0728815141 | |
| 005 | 20070819080015.14 | |
| 010 | @a7-100-01158-2@d¥27.00 | |
| 100 | @a20070819d km y0chiy0120 ea | |
| 101 | 0 | @achi |
| 200 | 1 | @a经济学原理@Ajing ji xue yuan li@h下册@f[英]马歇尔@F[ying]ma xie er@g陈良璧@Gchen liang bi |
| 210 | @a北京@c商务印书馆@d23775 | |
| 215 | @a497页@d20cm | |
| 606 | 0 | @a经济 |
| 690 | @aF@v3 | |
| 701 | 0 | @a英马歇尔@Aying ma xie er |
| 702 | 0 | @a陈良璧@Achen liang bi |
| 801 | 0 | @aCN@bPFT@c20070819 |
| 905 | @a213230@dF@eZW36:2@f1 | |
| 经济学原理.下册/[英]马歇尔/陈良璧.-北京:商务印书馆,23775 |
| 497页;20cm |
| ISBN 7-100-01158-2:¥27.00 |
| ● |
| 相关链接 |
|
|
|
|
正题名:经济学原理
索取号:F/ZW36:2
 
预约/预借
| 序号 | 登录号 | 条形码 | 馆藏地/架位号 | 状态 | 备注 |
| 1 | 7601584 | 276015848 | 密集书库-文学院/ [索取号:F/ZW36:2] | 在馆 |